Grimm Who Said That Quiz Stats

 Plays Quiz not verified by Sporcle

Score 0/50 Timer 10:00
0 Plays Today
% Correct
Marie
79.8%
Marie
78.6%
Monroe
75.1%
Monroe
74.9%
Monroe
74.9%
Monroe
73.6%
Monroe
73.2%
Monroe
72.4%
Monroe
72.2%
Monroe
72.2%
Monroe
72.2%
Monroe
71.9%
Monroe
71.2%
Monroe
71.2%
Monroe
70.9%
Monroe
70.7%
Monroe
70.4%
Monroe
70%
Monroe
68.5%
Wu
54.7%
Wu
54.2%
Wu
53.9%
Wu
53%
Nick
50.7%
Angelina
50%
% Correct
Nick
48.3%
Nick
47.8%
Sean
47.8%
Nick
47%
Nick
47%
Nick
46.8%
Nick
46.6%
Nick
46.3%
Nick
46.1%
Well, I'm in the woods, I just cut a golden egg out of a girl's neck, you tell me.
45.6%
Hank
44.6%
Hank
44.6%
Sean
44.6%
Nick
44.1%
Sean
44.1%
Hank
42.9%
Hank
41.6%
Juliette
41.4%
Hank
41.1%
Juliette
40.4%
Hap
34%
Roscoe
31.8%
Rosalee
24.1%
Edgar
16.3%
Adalind
10.6%

You're not logged in!

Compare scores with friends on all Sporcle quizzes.
OR
Log In

Show Comments

Extras

Top Quizzes Today


Score Distribution

Your Account Isn't Verified!

In order to create a playlist on Sporcle, you need to verify the email address you used during registration. Go to your Sporcle Settings to finish the process.

Report this User

Report this user for behavior that violates our Community Guidelines.

Details: